|
|
|
|
| LEADER |
00000nam0a2200000 4500 |
| 001 |
76591 |
| 005 |
20231031091756.0 |
| 010 |
|
|
|a 5279003662
|
| 035 |
|
|
|a (RuTPU)RU\TPU\book\82094
|
| 090 |
|
|
|a 76591
|
| 100 |
|
|
|a 20050426d1990 km y0rusy50 ca
|
| 101 |
0 |
|
|a rus
|
| 102 |
|
|
|a RU
|
| 105 |
|
|
|a y g 000zy
|
| 200 |
1 |
|
|a Системные программные средства ПЭВМ
|e справочник
|f А. А. Чижов
|
| 210 |
|
|
|a Москва
|c Финансы и статистика
|d 1990
|
| 215 |
|
|
|a 415 с.
|
| 320 |
|
|
|a Индекс: с. 408-414
|
| 610 |
1 |
|
|a программные средства
|
| 610 |
1 |
|
|a ПЭВМ
|
| 610 |
1 |
|
|a операционные системы
|
| 610 |
1 |
|
|a MS DOS
|
| 610 |
1 |
|
|a DOS
|
| 610 |
1 |
|
|a драйверы
|
| 610 |
1 |
|
|a файловые системы
|
| 610 |
1 |
|
|a модули
|
| 610 |
1 |
|
|a память
|
| 610 |
1 |
|
|a сообщения
|
| 610 |
1 |
|
|a окна
|
| 610 |
1 |
|
|a изображения
|
| 610 |
1 |
|
|a построение
|
| 610 |
1 |
|
|a инструменты
|
| 610 |
1 |
|
|a справочники
|
| 675 |
|
|
|a 681.3-181.4(035)
|v 3
|
| 700 |
|
1 |
|a Чижов
|b А. А.
|g Антон Андреевич
|
| 801 |
|
1 |
|a RU
|b 63413507
|c 20050426
|g PSBO
|
| 801 |
|
2 |
|a RU
|b 63413507
|c 20160627
|g PSBO
|
| 942 |
|
|
|c BK
|